Star Wars Planets and Moons by Movie - Episode IV - Statistics

General Stats
  • This quiz has been taken 114 times
  • The average score is 4 of 7
Answer Stats
Answer % Correct
Tatooine
100%
Alderaan
90%
Yavin
87%
Dantooine
47%
Yavin 4
40%
Kessel
26%
Corellia
23%
No matching quizzes found
Score Distribution
Percent of People with Each Score
Percentile by Number Answered
Your Score History
You have not taken this quiz